00699nam a2200241 a 4500001001300000003000900013005001700022008004100039020001000080082001700090100002100107245004000128260004600168300000900214500003500223505001000258650002100268700002100289902000800310942000700318952011700325999001500442nice12345678IN_TiNIC20260116011431.0050524s1958 newa grp 000 0 eng  ac10000a808.042bMAR aMartin, Harold C aThelogic and Rhetoric of Exposition aNew YorkbRinehart and Company, Incc1958 a204p aincludes index and biblioraphy2 aIndex aRhetoric-English1 aMartin, Harold C bSRS cBK 001040708StackRoom-aHMIbHMId2007-06-14g100.00l0o808.042 MARp02277r2007-06-14v100.00w2005-05-24yBK c1494d1494